000 00559nam a2200181Ia 4500
003 GCL
008 140319s9999 xx 000 0 ara d
040 _aGCL /
_cGCL
082 0 4 _a001.6425
_bع م
100 1 _aعوض منصور
245 1 0 _aمقدمة فى الحاسبات الشخصية واتمتة المكاتب /
_cعوض منصور
700 1 _aمحمد ابوالنور
260 _aالاردن :
_bدار الفرقان ،
_c1992
300 _a302 ص
490 _a
650 0 4 _aالحاسبات الالكترونية
942 _2ddc
_cBK
999 _c47299
_d47299